| 000 | 00401 a2200157 4500 | ||
|---|---|---|---|
| 001 | 75329 | ||
| 020 | _a857164652 | ||
| 040 | _cAnchieta - Colégio São Paulo | ||
| 100 | _aSouza,laura de Mello e | ||
| 240 | 1 | 0 |
_aCotidiano e vida privada na América portuguesa _lpor |
| 245 | 1 | 0 | _aCotidiano e vida privada na América portuguesa |
| 300 | _a523 | ||
| 362 | 0 | _a1997 | |
| 650 | 4 | _aBrasil | |
| 942 | _cBK | ||
| 999 |
_c75329 _d75329 |
||